1588 1770 1672 1013 1027 1967 1270 1455 1354 1816 1231 1606 1449 1851 1790 1625 1716 1413 1180 1216 1723 1159 1532 1285 1774 1179 1957 1467 1861 1323 1068 1028 1343 1172 1869 1732 1571 1585 1504 1991 1973 1283 1954 1335 1067 1465 1607 1921 1936 1474 1482 1396 1096 1156 1852 1879 1316 1753 1911 1084 1746 1114 1043 1303 1128 1783 1984 1663 1159 1680 1967 1836 1720 1552 1676 1609 1186 1775 1760 1208 1855 1498 1169 1917 1981 1339 1155 1229 1763 1506 1418 1860 1839 1835 1712 1485 1032 1404 1144 BCNSPRNW ULIB Ver.6.0+V

เปลี่ยนเป็นภาษาไทย

Change to English
 แสดงรายละเอียดบรรณานุกรม
  กลับหน้าหลัก

Brief Record : Get Marc (ISO 2709) : E-mail record : QR code < ปิดหน้าต่าง
LEADER : 00000nam 2200000uu 4500
001    13399122646
003     ULIB
008    130821s||||||||th 000 0 tha d
020    ^a1133284396 (paperback)
020    ^a9781133284390 (paperback)
060  4 ^aWM450^bC275p
100 1  ^aCara, Elizabeth.
245 10 ^aPsychosocial occupational therapy an evolving practice / ^cElizabeth Cara.
260    ^a[S.l.] : ^bDelmar, ^c
300    ^a1 v. (unpaged) ; ^c24 cm.
650  7 Psychosocial occupational therapy
650  4 Occupational therapy
700 0  Anne MacRae
945    ^p1210^l0^i033830
999    ^aเกษร โพธิ์สุวรรณ
รายการนี้ยังไม่มีแท็ก
คุณยังไม่ได้ล็อกอิน คุณสามารถมีกิจกรรมร่วมกับเว็บไซต์ได้ แต่ต้องล็อกอินก่อน ::
  ล็อกอิน

รายการสื่อสารสนเทศ

ลำดับที่ ประเภท เลขเรียก/บาร์โค้ด สถานที่ สถานะ
1. วิทยาศาสตร์การแพทย์ และสุขภาพ
วิทยาศาสตร์การแพทย์ และสุขภาพ
WM450 C275p  
  Barcode: 033830
ห้องสมุดวิทยาเขตสวรรค์ประชารักษ์
►หนังสือทั่วไป
บนชั้น

รายการใกล้เคียง
    หัวเรื่อง [Occupational therapy]

BibComment


ยังไม่เคยถูกคอมเมนท์

คอมเมนท์ทรัพยากรรายการนี้
  คอมเมนท์: Psychosocial occ..


 Copyright 2026. Bcnsprnw @Library